[Event "TCh-CZE Div1 Zapad 2012-13"]
[Site "Czech Republic CZE"]
[Date "2012.10.28"]
[Round "1.1"]
[White "Jansa,Vl"]
[Black "Jirovsky,M"]
[Result "1/2-1/2"]
[WhiteTitle "GM"]
[BlackTitle "GM"]
[WhiteElo "2451"]
[BlackElo "2453"]
[WhiteTeam "JOLY Lysa nad Labem B"]
[BlackTeam "TJ Pankrac"]
[WhiteFideId "300128"]
[BlackFideId "303224"]
[EventDate "2012.10.28"]

1. e4 c5 2. Nf3 Nc6 3. d4 cxd4 4. Nxd4 g6 5. c4 Nf6 6. Nc3 Nxd4 7. Qxd4 d6 8.
Be2 Bg7 9. Be3 O-O 10. Qd2 Be6 11. Rc1 Qa5 12. f3 Rfc8 13. b3 a6 14. Na4 Qxd2+
15. Kxd2 Nd7 16. g4 f5 17. exf5 gxf5 18. h3 Rf8 19. Rhd1 d5 20. cxd5 Bxd5 21.
Ke1 e6 22. Rc7 Rad8 23. f4 Nf6 24. Bd4 fxg4 25. hxg4 Ne8 26. Bxg7 Nxc7 27. Bxf8
Rxf8 28. Rd4 Kg7 29. Nc5 Rc8 30. Nd7 Na8 31. Kd2 Rc7 32. Ne5 Nb6 33. Bc4 h6 34.
Ke3 Kf6 35. Kf2 Bxc4 36. bxc4 Na4 37. Kf3 b5 38. cxb5 axb5 39. Rd8 Kg7 40. Ra8
Nc5 41. Ke3 Nd7 42. Kd4 Kf6 43. Nxd7+ Rxd7+ 44. Kc5 Rd5+ 45. Kc6 b4 46. f5 Re5
47. fxe6 Rxe6+ 48. Kd5 Re2 49. Rh8 Kg7 50. Rb8 Rxa2 51. Rxb4 1/2-1/2

[Event "TCh-CZE Div1 Zapad 2012-13"]
[Site "Czech Republic CZE"]
[Date "2012.10.28"]
[Round "1.2"]
[White "Svoboda,S"]
[Black "Meduna,E1"]
[Result "1/2-1/2"]
[WhiteTitle "FM"]
[BlackTitle "GM"]
[WhiteElo "2334"]
[BlackElo "2416"]
[WhiteTeam "TJ Pankrac"]
[BlackTeam "JOLY Lysa nad Labem B"]
[WhiteFideId "14903563"]
[BlackFideId "300055"]
[EventDate "2012.10.28"]

1. e4 c6 2. d4 d5 3. exd5 cxd5 4. Bd3 Nf6 5. h3 Nc6 6. c3 g6 7. Nf3 Bg7 8. Bf4
Bf5 9. Bxf5 gxf5 10. Nbd2 e6 11. Qe2 Qe7 12. O-O O-O 1/2-1/2

[Event "TCh-CZE Div1 Zapad 2012-13"]
[Site "Czech Republic CZE"]
[Date "2012.10.28"]
[Round "1.3"]
[White "Priehoda,V"]
[Black "Dolezal,Ra1"]
[Result "1/2-1/2"]
[WhiteTitle "IM"]
[BlackTitle "IM"]
[WhiteElo "2414"]
[BlackElo "2359"]
[WhiteTeam "JOLY Lysa nad Labem B"]
[BlackTeam "TJ Pankrac"]
[WhiteFideId "14900122"]
[BlackFideId "304735"]
[EventDate "2012.10.28"]

1. d4 Nf6 2. c4 e6 3. Nc3 d5 4. Bg5 Nbd7 5. e3 c6 6. cxd5 cxd5 7. Bd3 Bd6 8. Qc2
h6 9. Bh4 O-O 10. Nf3 a6 11. O-O b5 12. a4 b4 13. Ne2 Bb7 14. Rfc1 Rc8 15. Qd1
Qa5 16. Rxc8 Rxc8 17. Nc1 Ne4 18. Nb3 Qb6 19. a5 Qa7 20. Bg3 Nxg3 21. hxg3 Qb8
22. Qe2 Rc6 23. g4 Be7 24. Nfd2 Nf6 25. f4 g6 26. Rf1 Qc8 27. f5 exf5 28. gxf5
g5 29. Nf3 Rc7 30. Ne5 Kg7 31. Ng4 Rc6 32. Ne5 Rc7 33. Ng4 Rc6 34. Ne5 1/2-1/2

[Event "TCh-CZE Div1 Zapad 2012-13"]
[Site "Czech Republic CZE"]
[Date "2012.10.28"]
[Round "1.4"]
[White "Gregor,Ji"]
[Black "Spacek,P"]
[Result "1/2-1/2"]
[WhiteTitle "FM"]
[BlackTitle "IM"]
[WhiteElo "2261"]
[BlackElo "2399"]
[WhiteTeam "TJ Pankrac"]
[BlackTeam "JOLY Lysa nad Labem B"]
[WhiteFideId "304638"]
[BlackFideId "300314"]
[EventDate "2012.10.28"]

1. d4 d6 2. c4 e5 3. Nc3 c6 4. g3 Nf6 5. Bg2 Be7 6. h3 O-O 7. e4 a6 8. a4 exd4
9. Qxd4 a5 10. Nge2 Na6 11. Be3 Be6 12. O-O Nb4 13. Rfc1 c5 14. Qd1 Bxc4 15. Nf4
Ba6 16. g4 h6 17. Nce2 Nd7 18. Ng3 Ne5 19. Rc3 Nc4 20. Bc1 Bf6 21. Nf5 g6 22.
Nxh6+ Kg7 23. Bf1 Ne5 1/2-1/2

[Event "TCh-CZE Div1 Zapad 2012-13"]
[Site "Czech Republic CZE"]
[Date "2012.10.28"]
[Round "1.5"]
[White "Suran,J"]
[Black "Pesout,J"]
[Result "1-0"]
[WhiteTitle "FM"]
[WhiteElo "2360"]
[BlackElo "2235"]
[WhiteTeam "JOLY Lysa nad Labem B"]
[BlackTeam "TJ Pankrac"]
[WhiteFideId "305782"]
[BlackFideId "306347"]
[EventDate "2012.10.28"]

1. e4 d5 2. exd5 Nf6 3. d4 Nxd5 4. Nf3 c6 5. c4 Nb6 6. h3 Bf5 7. Nc3 e6 8. Be2
Be7 9. O-O O-O 10. Qb3 Qc7 11. Be3 N8d7 12. Rac1 h6 13. Rfd1 a6 14. a4 Rad8 15.
a5 Nc8 16. Qa4 e5 17. b4 exd4 18. Nxd4 Bg6 19. b5 Nc5 20. Qa2 Ne4 21. Nxe4 Bxe4
22. bxa6 bxa6 23. c5 Bd5 24. Qa4 Na7 25. Bxa6 Rb8 26. Nf5 Bg5 27. Bxg5 hxg5 28.
Rb1 Qe5 29. Bd3 Rfd8 30. Qd4 Qxd4 31. Nxd4 Rxb1 32. Rxb1 g6 33. Rb7 Bxg2 34.
Kxg2 Rxd4 35. Bf1 Nb5 36. Bxb5 cxb5 37. a6 1-0

[Event "TCh-CZE Div1 Zapad 2012-13"]
[Site "Czech Republic CZE"]
[Date "2012.10.28"]
[Round "1.7"]
[White "Jurasek,M"]
[Black "Kratochvil,Ja"]
[Result "0-1"]
[WhiteElo "2306"]
[BlackElo "2140"]
[WhiteTeam "JOLY Lysa nad Labem B"]
[BlackTeam "TJ Pankrac"]
[WhiteFideId "305618"]
[BlackFideId "321001"]
[EventDate "2012.10.28"]

1. d4 Nf6 2. c4 e6 3. Nc3 Bb4 4. Qc2 O-O 5. Bg5 h6 6. Bh4 c5 7. e3 cxd4 8. exd4
d5 9. Nf3 Nc6 10. O-O-O Be7 11. Kb1 b6 12. Qa4 Bb7 13. Bxf6 Bxf6 14. cxd5 exd5
15. Ba6 Bxa6 16. Qxc6 Bc4 17. Qa4 Re8 18. Rd2 a5 19. h4 Qd6 20. Qd1 b5 21. g4 b4
22. Na4 Qf4 23. g5 hxg5 24. hxg5 Bxg5 25. Nxg5 Qxg5 26. f4 Qxf4 27. Rdh2 Qf5+
28. Ka1 f6 29. Nb6 Rad8 30. Rh5 Qg6 31. Nxc4 dxc4 32. d5 Kf7 33. R5h4 Re4 34.
R4h2 Rg4 35. d6 Rxd6 36. Qxd6 Rg1+ 37. Qd1 Rxd1+ 38. Rxd1 Qe4 39. Rc1 b3 40. Rh3
bxa2 41. Rhc3 g5 42. Rxc4 Qg2 43. R1c2 Qh3 44. R2c3 Qh5 45. Kxa2 g4 46. Rc5 Qh2
47. Rc2 Qh3 48. Rxa5 g3 49. Ra3 Qe6+ 50. Ka1 f5 51. Rf3 Qe4 0-1

[Event "TCh-CZE Div1 Zapad 2012-13"]
[Site "Czech Republic CZE"]
[Date "2012.10.28"]
[Round "1.8"]
[White "Petr,Ja1"]
[Black "Munk,Pe"]
[Result "1-0"]
[WhiteElo "2155"]
[BlackElo "2240"]
[WhiteTeam "TJ Pankrac"]
[BlackTeam "JOLY Lysa nad Labem B"]
[WhiteFideId "305154"]
[BlackFideId "317799"]
[EventDate "2012.10.28"]

1. e4 c5 2. Nc3 Nc6 3. g3 g6 4. Bg2 Bg7 5. d3 d6 6. Be3 e5 7. Qd2 Be6 8. Nf3 Nd4
9. Ng5 Bd7 10. f4 Ne7 11. O-O O-O 12. Nd1 exf4 13. Bxf4 Bc6 14. c3 f6 15. Nf3
Nxf3+ 16. Bxf3 d5 17. Qf2 b6 18. Re1 Qd7 19. Qg2 d4 20. Nf2 dxc3 21. bxc3 Rad8
22. Rad1 Ba4 23. Rc1 Nc6 24. Be3 Ne5 25. Be2 Qf7 26. d4 Nc4 27. Qf3 Bc6 28. dxc5
Ne5 29. Qg2 b5 30. Bf4 f5 31. Qh3 fxe4 32. Bg4 Nxg4 33. Nxg4 Rd3 34. Re3 Qxa2
35. Rce1 Bxc3 36. Nh6+ Kh8 37. Rf1 Rxf4 38. Rxf4 Qa1+ 39. Rf1 Rxe3 40. Nf7+ Kg7
41. Qh6+ Kg8 42. Rxa1 Bxa1 43. Qxe3 Kxf7 44. Qf4+ 1-0

[Event "TCh-CZE Div1 Zapad 2012-13"]
[Site "Czech Republic CZE"]
[Date "2012.10.28"]
[Round "1.1"]
[White "Hrabusa,M"]
[Black "Petr,Ma"]
[Result "1-0"]
[BlackTitle "GM"]
[WhiteElo "2330"]
[BlackElo "2521"]
[WhiteTeam "2222 SK Polabiny A"]
[BlackTeam "TJ Slavia Hradec Kralove"]
[WhiteFideId "14908042"]
[BlackFideId "318299"]
[EventDate "2012.10.28"]

1. e4 e6 2. d4 d5 3. Nc3 Bb4 4. e5 c5 5. Qg4 Ne7 6. dxc5 d4 7. a3 Ba5 8. b4 dxc3
9. bxa5 O-O 10. Bd3 Nbc6 11. Nf3 Ng6 12. Qh5 Qd5 13. O-O f5 14. Rd1 Ngxe5 15.
Ng5 h6 16. Bxf5 Rxf5 17. Rxd5 exd5 18. f4 Be6 19. fxe5 Raf8 20. h4 Rf1+ 21. Kh2
hxg5 22. hxg5 Nxe5 23. g6 Ng4+ 24. Kg3 Nf6 25. Qe5 Re8 26. a6 bxa6 27. Rb1 Bc8
28. Qc7 Ne4+ 29. Kh2 Ref8 30. Bh6 1-0

[Event "TCh-CZE Div1 Zapad 2012-13"]
[Site "Czech Republic CZE"]
[Date "2012.10.28"]
[Round "1.2"]
[White "Nun,Ji"]
[Black "Rosko,L"]
[Result "1-0"]
[WhiteTitle "IM"]
[BlackTitle "FM"]
[WhiteElo "2376"]
[BlackElo "2311"]
[WhiteTeam "TJ Slavia Hradec Kralove"]
[BlackTeam "2222 SK Polabiny A"]
[WhiteFideId "300179"]
[BlackFideId "321192"]
[EventDate "2012.10.28"]

1. e4 c5 2. Nf3 d6 3. c3 Nf6 4. Be2 Nc6 5. d4 cxd4 6. cxd4 d5 7. e5 Ne4 8. O-O
Bg4 9. h3 Bh5 10. Nc3 e6 11. Be3 Nxc3 12. bxc3 Be7 13. Nd2 Bxe2 14. Qxe2 Qa5 15.
Qg4 g6 16. c4 dxc4 17. Ne4 h5 18. Qf3 Qd8 19. Rfd1 Nb4 20. Rab1 a5 21. a3 c3 22.
Nxc3 Nd5 23. Nxd5 Qxd5 24. Qxd5 exd5 25. Rxb7 Bxa3 26. Ra1 Be7 27. Ra4 Bd8 28.
Rb5 O-O 29. Rxd5 1-0

[Event "TCh-CZE Div1 Zapad 2012-13"]
[Site "Czech Republic CZE"]
[Date "2012.10.28"]
[Round "1.3"]
[White "Novotny,M1"]
[Black "Mozny,M"]
[Result "1/2-1/2"]
[WhiteTitle "FM"]
[BlackTitle "IM"]
[WhiteElo "2274"]
[BlackElo "2329"]
[WhiteTeam "2222 SK Polabiny A"]
[BlackTeam "TJ Slavia Hradec Kralove"]
[WhiteFideId "310980"]
[BlackFideId "300454"]
[EventDate "2012.10.28"]

1. e4 c5 2. Nf3 e6 3. Nc3 d6 4. d4 cxd4 5. Nxd4 Be7 6. Bc4 Nc6 7. Bb3 Nf6 8. f4
O-O 9. Be3 Na5 10. Qe2 e5 11. Nf5 Bxf5 12. exf5 Nxb3 13. axb3 exf4 14. Bxf4 d5
15. Qb5 Bd6 16. O-O b6 17. Qc6 Bc5+ 18. Kh1 Rc8 19. Qb7 d4 20. Nb5 Nd5 21. f6
Nxf4 22. fxg7 Re8 23. Rxf4 Re7 24. Qf3 Qe8 25. Qd3 Re3 26. Qf5 Re5 27. Qd3 Re3
28. Qf5 a6 29. Raf1 Re5 30. Qg4 1/2-1/2

[Event "TCh-CZE Div1 Zapad 2012-13"]
[Site "Czech Republic CZE"]
[Date "2012.10.28"]
[Round "1.7"]
[White "Kozusek,Daniel"]
[Black "Roj,M"]
[Result "1-0"]
[WhiteElo "2043"]
[BlackElo "2187"]
[WhiteTeam "2222 SK Polabiny A"]
[BlackTeam "TJ Slavia Hradec Kralove"]
[WhiteFideId "349500"]
[BlackFideId "305308"]
[EventDate "2012.10.28"]

1. d4 Nf6 2. c4 e5 3. dxe5 Ng4 4. e4 Nxe5 5. f4 Nec6 6. Be3 a5 7. Nf3 Na6 8. Nc3
Bc5 9. Qd2 O-O 10. O-O-O d6 11. h3 Qe8 12. g4 a4 13. Bd3 Bxe3 14. Qxe3 Nc5 15.
Bb1 Na5 16. Qe2 Be6 17. Nd2 c6 18. e5 Qd8 19. f5 Qg5 20. Kc2 Bxf5+ 21. gxf5
Qxf5+ 22. Kc1 Qf4 23. Rdf1 Qh6 24. Bc2 dxe5 25. Qxe5 Qxd2+ 26. Kb1 Ne6 27. Ne4
Qh6 28. Nd6 Qg5 29. Rf5 Qe7 30. Rh5 g6 31. Nf5 1-0

[Event "TCh-CZE Div1 Zapad 2012-13"]
[Site "Czech Republic CZE"]
[Date "2012.10.28"]
[Round "1.8"]
[White "Nun,Jos"]
[Black "Navratil,F"]
[Result "1/2-1/2"]
[WhiteTitle "IM"]
[WhiteElo "2236"]
[BlackElo "2162"]
[WhiteTeam "TJ Slavia Hradec Kralove"]
[BlackTeam "2222 SK Polabiny A"]
[WhiteFideId "300489"]
[BlackFideId "311332"]
[EventDate "2012.10.28"]

1. d4 d5 2. Nf3 c6 3. Bf4 Bf5 4. e3 e6 5. Bd3 Bxd3 6. Qxd3 Nf6 7. Nbd2 Bd6 8.
Bxd6 Qxd6 9. O-O O-O 10. c4 Nbd7 1/2-1/2

[Event "TCh-CZE Div1 Zapad 2012-13"]
[Site "Czech Republic CZE"]
[Date "2012.11.11"]
[Round "2.1"]
[White "Docekal,J"]
[Black "Nun,Ji"]
[Result "1-0"]
[BlackTitle "IM"]
[WhiteElo "2321"]
[BlackElo "2376"]
[WhiteTeam "SK Sokol Vysehrad"]
[BlackTeam "TJ Slavia Hradec Kralove"]
[WhiteFideId "320625"]
[BlackFideId "300179"]
[EventDate "2012.10.28"]

1. e4 c5 2. Nf3 Nc6 3. d4 cxd4 4. Nxd4 e5 5. Nb5 d6 6. N1c3 a6 7. Na3 b5 8. Nd5
Nce7 9. Bg5 Be6 10. c4 f6 11. Be3 Bxd5 12. exd5 bxc4 13. Nxc4 Nf5 14. Qa4+ Kf7
15. Bb6 Qe8 16. Qa3 Ngh6 17. O-O-O Be7 18. Be2 Qb8 19. g4 Nh4 20. Be3 g5 21. Rd3
Kg7 22. Kb1 Nf7 23. Rc1 Qf8 24. Nb6 Ra7 25. Nc8 Ra8 26. Rdc3 Bd8 27. Qb4 Rxc8
28. Rxc8 a5 29. Qb7 Kh6 30. R1c7 1-0

[Event "TCh-CZE Div1 Zapad 2012-13"]
[Site "Czech Republic CZE"]
[Date "2012.11.11"]
[Round "2.2"]
[White "Mozny,M"]
[Black "Vlasak,Lu"]
[Result "1/2-1/2"]
[WhiteTitle "IM"]
[BlackTitle "FM"]
[WhiteElo "2329"]
[BlackElo "2330"]
[WhiteTeam "TJ Slavia Hradec Kralove"]
[BlackTeam "SK Sokol Vysehrad"]
[WhiteFideId "300454"]
[BlackFideId "324752"]
[EventDate "2012.10.28"]

1. d4 Nf6 2. Nf3 e6 3. c4 Bb4+ 4. Nbd2 b6 5. g3 Bb7 6. Bg2 O-O 7. O-O Bxd2 8.
Bxd2 d6 9. Rc1 Nbd7 10. b4 Be4 11. c5 bxc5 12. bxc5 Qe7 13. cxd6 cxd6 14. Bb4
Rfc8 15. Nd2 Bxg2 16. Kxg2 Nb6 17. Qb3 Qb7+ 18. Kg1 Ne4 19. Nxe4 Qxe4 20. e3 d5
21. Rxc8+ Rxc8 22. Bc5 Nc4 23. Qb7 Rd8 1/2-1/2

[Event "TCh-CZE Div1 Zapad 2012-13"]
[Site "Czech Republic CZE"]
[Date "2012.11.11"]
[Round "2.3"]
[White "Chloupek,S"]
[Black "Kraus,To"]
[Result "0-1"]
[WhiteElo "2325"]
[BlackElo "2290"]
[WhiteTeam "SK Sokol Vysehrad"]
[BlackTeam "TJ Slavia Hradec Kralove"]
[WhiteFideId "303518"]
[BlackFideId "331708"]
[EventDate "2012.10.28"]

1. d4 c5 2. e3 Nf6 3. Nf3 g6 4. c4 Bg7 5. Nc3 O-O 6. Be2 cxd4 7. exd4 d5 8. O-O
Nc6 9. Re1 dxc4 10. Bxc4 Na5 11. Bf1 Be6 12. Ne5 Rc8 13. Qa4 a6 14. Bd2 Nc6 15.
Bg5 Nd5 16. Nxc6 Rxc6 17. Nxd5 Qxd5 18. Bxe7 Rfc8 19. Bc5 b6 20. Ba3 b5 21. Qb4
Qxd4 22. Qxd4 Bxd4 23. Rad1 Bf6 24. Bd3 Bxa2 25. Be4 Re6 26. Bb7 Rb8 27. Rc1
Rxe1+ 28. Rxe1 Be6 29. Bxa6 b4 30. g3 bxa3 31. bxa3 Ra8 0-1

[Event "TCh-CZE Div1 Zapad 2012-13"]
[Site "Czech Republic CZE"]
[Date "2012.11.11"]
[Round "2.4"]
[White "Kacirek,P"]
[Black "Petran,Pe"]
[Result "0-1"]
[WhiteTitle "FM"]
[BlackTitle "IM"]
[WhiteElo "2294"]
[BlackElo "2277"]
[WhiteTeam "TJ Slavia Hradec Kralove"]
[BlackTeam "SK Sokol Vysehrad"]
[WhiteFideId "305340"]
[BlackFideId "14900114"]
[EventDate "2012.10.28"]

1. d4 g6 2. Nf3 Bg7 3. g3 d6 4. Bg2 f5 5. b3 Nh6 6. Bb2 Nf7 7. Nbd2 O-O 8. O-O
Nc6 9. Nc4 e5 10. dxe5 dxe5 11. e4 f4 12. Ba3 Re8 13. Qe1 Be6 14. Qc3 Nd4 15.
Rae1 a5 16. Nxd4 exd4 17. Qd2 b5 18. Nxa5 c5 19. Nb7 Qb6 20. Bxc5 Qxb7 21. gxf4
Rxa2 22. Qd3 Qc7 23. Bxd4 Bxd4 24. Qxd4 Qxf4 25. c4 bxc4 26. bxc4 Ne5 0-1

[Event "TCh-CZE Div1 Zapad 2012-13"]
[Site "Czech Republic CZE"]
[Date "2012.11.11"]
[Round "2.7"]
[White "Vanek,P"]
[Black "Roj,M"]
[Result "1/2-1/2"]
[WhiteElo "2219"]
[BlackElo "2187"]
[WhiteTeam "SK Sokol Vysehrad"]
[BlackTeam "TJ Slavia Hradec Kralove"]
[WhiteFideId "305324"]
[BlackFideId "305308"]
[EventDate "2012.10.28"]

1. e4 c5 2. Nf3 d6 3. d4 cxd4 4. Qxd4 a6 5. c4 Nc6 6. Qd2 g6 7. Nc3 Bg7 8. Be2
Nf6 9. O-O O-O 10. h3 Rb8 11. Qc2 Nd7 12. Be3 b6 13. a3 Bb7 14. Rac1 Ba8 15.
Rfd1 Qc8 16. Nd5 Re8 17. b4 e6 18. Nc3 Bf8 19. Qa4 Qb7 20. Qb3 1/2-1/2

[Event "TCh-CZE Div1 Zapad 2012-13"]
[Site "Czech Republic CZE"]
[Date "2012.11.11"]
[Round "2.8"]
[White "Novak,Rad"]
[Black "Vodicka,Vlas"]
[Result "1-0"]
[WhiteElo "2132"]
[BlackElo "2124"]
[WhiteTeam "TJ Slavia Hradec Kralove"]
[BlackTeam "SK Sokol Vysehrad"]
[WhiteFideId "327298"]
[BlackFideId "309842"]
[EventDate "2012.10.28"]

1. d4 Nf6 2. c4 d6 3. Nc3 g6 4. e4 Bg7 5. Be2 O-O 6. Be3 Nc6 7. d5 Ne5 8. h3 c5
9. f4 Ned7 10. Qd2 a6 11. g4 b5 12. cxb5 axb5 13. Bxb5 Qa5 14. Bd3 c4 15. Bxc4
Nc5 16. Bxc5 Qxc5 17. Bd3 Ba6 18. Bxa6 Rxa6 19. Nge2 Rb8 20. Rb1 Nd7 21. Kf1 Qc4
22. Kg2 Nc5 23. Kf3 Rab6 24. b3 Qa6 25. Rhd1 Rb4 26. Qe3 Qb6 27. Rbc1 h6 28. h4
Bf6 29. g5 Bg7 30. gxh6 Bf6 31. h5 Kh7 32. hxg6+ fxg6 33. e5 dxe5 34. fxe5 Rf8
35. exf6 Qxf6+ 36. Kg2 Rg4+ 37. Ng3 Qd6 38. Rf1 Rf5 39. Rce1 e5 40. Rxf5 gxf5
41. Qxe5 Qxe5 42. Rxe5 f4 43. Ne2 1-0

[Event "TCh-CZE Div1 Zapad 2012-13"]
[Site "Czech Republic CZE"]
[Date "2012.11.11"]
[Round "2.1"]
[White "Jirovsky,M"]
[Black "Hrabusa,M"]
[Result "1-0"]
[WhiteTitle "GM"]
[WhiteElo "2453"]
[BlackElo "2330"]
[WhiteTeam "TJ Pankrac"]
[BlackTeam "2222 SK Polabiny A"]
[WhiteFideId "303224"]
[BlackFideId "14908042"]
[EventDate "2012.10.28"]

1. Nf3 c5 2. c4 Nc6 3. d4 cxd4 4. Nxd4 g6 5. e4 Nf6 6. Nc3 d6 7. Be2 Nxd4 8.
Qxd4 Bg7 9. Be3 O-O 10. Qd2 Be6 11. Rc1 Qa5 12. f3 Rfc8 13. b3 a6 14. Na4 Qxd2+
15. Kxd2 Nd7 16. g4 Rc6 17. Rhd1 Nc5 18. Nxc5 dxc5 19. Ke1 Bb2 20. Rb1 Bc3+ 21.
Kf2 f5 22. exf5 gxf5 23. gxf5 Bxf5 24. Bd3 Rf8 25. Bxf5 Rxf5 26. Rd7 Kf7 27. Rc1
Be5 28. Rxb7 Rh5 29. Rh1 Bxh2 30. Ke2 Re6 31. Kd3 Rh3 32. Ke2 Kg6 33. Rd7 Kh5
34. Rd5+ Kh4 35. Kd3 1-0

[Event "TCh-CZE Div1 Zapad 2012-13"]
[Site "Czech Republic CZE"]
[Date "2012.11.11"]
[Round "2.2"]
[White "Novotny,M1"]
[Black "Svoboda,S"]
[Result "0-1"]
[WhiteTitle "FM"]
[BlackTitle "FM"]
[WhiteElo "2274"]
[BlackElo "2334"]
[WhiteTeam "2222 SK Polabiny A"]
[BlackTeam "TJ Pankrac"]
[WhiteFideId "310980"]
[BlackFideId "14903563"]
[EventDate "2012.10.28"]

1. d4 Nf6 2. c4 g6 3. Nc3 d5 4. Nf3 Bg7 5. Bf4 O-O 6. e3 c5 7. dxc5 Qa5 8. Rc1
Ne4 9. Be5 Bxe5 10. Nxe5 Nxc3 11. Qd2 Qxc5 12. Qxc3 Nc6 13. Nxc6 Qxc6 14. h4
dxc4 15. h5 b5 16. Qe5 Qf6 17. Qxb5 Ba6 18. Qb4 Rab8 19. Qc3 Rxb2 20. Qxf6 exf6
21. Rh4 Rxa2 22. Bxc4 Bxc4 23. Rhxc4 gxh5 24. R1c2 Rxc2 25. Rxc2 a5 26. Ra2 Ra8
27. Ra4 Kg7 28. Ke2 Kg6 29. Kf3 Kg5 30. g3 Kf5 31. Ke2 Ke5 32. Kd3 Rd8+ 33. Kc4
Rc8+ 34. Kb3 Rc5 35. Rf4 Ke6 36. Rh4 Rf5 37. Re4+ Kd5 38. Rd4+ Kc5 39. f4 Rd5
40. Rc4+ Kb5 41. Rc3 a4+ 42. Ka3 Rd7 43. e4 h6 44. e5 fxe5 45. fxe5 Re7 46. Rf3
Kc4 47. Rf5 Kd4 48. Kxa4 Ke4 49. Rxh5 Rxe5 50. Rxh6 f5 51. Kb4 Kf3 52. Rg6 Re4+
53. Kc3 Rg4 54. Rf6 Rxg3 55. Kd2 f4 0-1

[Event "TCh-CZE Div1 Zapad 2012-13"]
[Site "Czech Republic CZE"]
[Date "2012.11.11"]
[Round "2.3"]
[White "Dolezal,Ra1"]
[Black "Nemec,Pa"]
[Result "1-0"]
[WhiteTitle "IM"]
[WhiteElo "2359"]
[BlackElo "2211"]
[WhiteTeam "TJ Pankrac"]
[BlackTeam "2222 SK Polabiny A"]
[WhiteFideId "304735"]
[BlackFideId "301965"]
[EventDate "2012.10.28"]

1. d4 Nf6 2. Nf3 d5 3. c4 e6 4. Nc3 Be7 5. cxd5 exd5 6. Bf4 O-O 7. e3 c6 8. Bd3
Nbd7 9. h3 Re8 10. O-O Bf8 11. Qc2 Qe7 12. Nd2 g6 13. Rab1 Bg7 14. b4 a6 15. a4
Nf8 16. Rfc1 Ne6 17. Bh2 Bd7 18. Nf3 Ne4 19. Bxe4 dxe4 20. Ne5 Ng5 21. h4 Bxe5
22. dxe5 Nf3+ 23. gxf3 exf3 24. Qe4 Bf5 25. Qxf3 Qxh4 26. Bg3 Qh3 27. Ne4 Kg7
28. Nd6 Rf8 29. Nxf5+ gxf5 30. Rc4 Qh6 31. Qxf5 1-0

[Event "TCh-CZE Div1 Zapad 2012-13"]
[Site "Czech Republic CZE"]
[Date "2012.11.11"]
[Round "2.5"]
[White "Gregor,Ji"]
[Black "Pulpan,J"]
[Result "1-0"]
[WhiteTitle "FM"]
[WhiteElo "2261"]
[BlackElo "2099"]
[WhiteTeam "TJ Pankrac"]
[BlackTeam "2222 SK Polabiny A"]
[WhiteFideId "304638"]
[BlackFideId "302759"]
[EventDate "2012.10.28"]

1. d4 Nf6 2. c4 e6 3. Nf3 d5 4. Nc3 Be7 5. Bg5 O-O 6. e3 h6 7. Bh4 b6 8. Rc1 Bb7
9. a3 Nbd7 10. cxd5 exd5 11. Bd3 c5 12. O-O Ne4 13. Bxe7 Qxe7 14. dxc5 Ndxc5 15.
Bb1 Rfd8 16. b4 Nxc3 17. Rxc3 Ne4 18. Rc1 a5 19. Qd4 Rd6 20. Rfd1 Rg6 21. Ne5
Rg5 22. f4 Rh5 23. Bxe4 dxe4 24. Qxb6 Ba6 25. b5 Qh4 26. bxa6 Qxh2+ 27. Kf2 Rh3
28. Rh1 Qg3+ 29. Kg1 Qxe3+ 30. Qxe3 Rxe3 31. Rh3 1-0

[Event "TCh-CZE Div1 Zapad 2012-13"]
[Site "Czech Republic CZE"]
[Date "2012.11.11"]
[Round "2.6"]
[White "Machan,J"]
[Black "Pesout,J"]
[Result "1-0"]
[WhiteElo "2078"]
[BlackElo "2235"]
[WhiteTeam "2222 SK Polabiny A"]
[BlackTeam "TJ Pankrac"]
[WhiteFideId "334774"]
[BlackFideId "306347"]
[EventDate "2012.10.28"]

1. Nf3 c5 2. e4 Nc6 3. d4 cxd4 4. Nxd4 d6 5. c4 Nf6 6. Nc3 g6 7. Be2 Bg7 8. Be3
O-O 9. O-O Bd7 10. f3 a6 11. Qd2 Re8 12. a3 Rb8 13. b4 Ne5 14. Rac1 Rc8 15. Nd5
Nxd5 16. exd5 b6 17. h3 Ba4 18. b5 axb5 19. cxb5 Rxc1 20. Rxc1 Qa8 21. Qb4 Nd7
22. Rc4 Nc5 23. Nc6 e6 24. Bxc5 dxc5 25. Qxa4 Qxa4 26. Rxa4 exd5 27. Kf2 c4 28.
Ra7 Bf8 29. Rd7 Bc5+ 30. Kf1 c3 31. Bd3 Ra8 32. Rd8+ Rxd8 33. Nxd8 Bxa3 34. Ke2
f5 35. Bc2 Kg7 36. Kd3 Kf6 37. Nc6 Bc5 38. Nd4 1-0

[Event "TCh-CZE Div1 Zapad 2012-13"]
[Site "Czech Republic CZE"]
[Date "2012.11.11"]
[Round "2.7"]
[White "Vokoun,J"]
[Black "Kozusek,Daniel"]
[Result "1/2-1/2"]
[WhiteTitle "FM"]
[WhiteElo "2208"]
[BlackElo "2043"]
[WhiteTeam "TJ Pankrac"]
[BlackTeam "2222 SK Polabiny A"]
[WhiteFideId "301647"]
[BlackFideId "349500"]
[EventDate "2012.10.28"]

1. d4 Nf6 2. Nf3 d5 3. Bg5 c5 4. Bxf6 gxf6 5. e3 Qb6 6. Nc3 e6 7. Rb1 Rg8 8. a3
Nc6 9. dxc5 Bxc5 10. b4 Be7 11. e4 d4 12. Ne2 e5 13. c3 Bg4 14. cxd4 Bxf3 15.
gxf3 exd4 16. Nf4 Qc7 17. Nd5 Qe5 18. Qc2 f5 19. b5 d3 20. Qxd3 Nd4 21. f4 Qxe4+
22. Qxe4 fxe4 23. Nc7+ Kd7 24. Nxa8 Rxa8 25. Bh3+ Kc7 26. a4 Bd6 27. O-O Bxf4
28. Rfd1 Rd8 29. Kh1 Rd6 30. Rb4 Be5 31. a5 f5 32. Rc4+ Kd7 33. Rcxd4 Rxd4 34.
Rxd4+ Bxd4 35. Bxf5+ Kc7 36. Kg2 e3 37. fxe3 Bxe3 38. Bxh7 a6 39. bxa6 1/2-1/2